| 000 | 00391nam a2200157Ia 4500 | ||
|---|---|---|---|
| 003 | Ost | ||
| 005 | 20260225132554.0 | ||
| 008 | 260225s9999||||xx |||||||||||||| ||und|| | ||
| 040 | _cfsic | ||
| 041 | _afre | ||
| 082 | _a440 | ||
| 100 |
_aAndré mbata mangu _eAuteur |
||
| 245 | 0 | _aNationalisme panafricanisme et reconstruction africaine / | |
| 245 | 0 | _cAndré mbata mangu | |
| 942 | _cكتاب | ||
| 999 |
_c34311 _d34311 |
||